| 000 | 00632nam a2200229Ia 4500 | ||
|---|---|---|---|
| 005 | 20210901142652.0 | ||
| 008 | 131103s9999 xx 000 0 und d | ||
| 020 |
_a761932917 _cRs 395 |
||
| 040 | _aLoreto College | ||
| 041 | _aEnglish | ||
| 082 |
_a320 _bDAS |
||
| 245 | 4 |
_aThe changing face of globalization _cEdited by Samir Dasgupta |
|
| 260 |
_aNew delhi _bSage Publications _c2004 |
||
| 300 | _a332p | ||
| 504 | _aIncludes bibliographical references and index | ||
| 630 | _aPolitics | ||
| 650 | _aPolitical Sociology | ||
| 651 | _aGlobalisation | ||
| 700 |
_4ed. _aDasgupta, Samar |
||
| 850 | _aLCLIB | ||
| 942 | _cBK | ||
| 999 |
_c19982 _d70461 |
||